书目信息 |
| 题名: |
实用非线性动态投入产出模型
|
|
| 作者: | 王嘉谟 著 | |
| 分册: | ||
| 出版信息: | 北京 国防工业出版社 2003 |
|
| 页数: | 209页 | |
| 开本: | 20cm | |
| 丛书名: | ||
| 单 册: | ||
| 中图分类: | F223 | |
| 科图分类: | ||
| 主题词: | 投入产出模型 | |
| 电子资源: | ||
| ISBN: | 7-118-03123-2 | |
| 000 | 00941nam0 2200241 450 | |
| 001 | 05002366296 | |
| 005 | 20050920150906.98 | |
| 010 | @a7-118-03123-2@dCNY12.00 | |
| 100 | @a20050107d2003 ekmy0chiy0120 ea | |
| 101 | 0 | @achi |
| 102 | @aCN@b110000 | |
| 105 | @ak az 000yy | |
| 200 | 1 | @a实用非线性动态投入产出模型@9shi yong fei xian xing dong tai tou ru chan chu mo xing@e兼评列氏动态投入产出模型的失真性@f王嘉谟著@Fwang jia mo zhu |
| 210 | @a北京@c国防工业出版社@d2003 | |
| 215 | @a209页@d20cm | |
| 320 | @a有书目 | |
| 330 | @a本书内容包括列氏投入产出模型,列氏动态投入产出模型的问题分析,改进的动态投入产出方程,线性特征向量模型与快车道模型等,并编制了大量实例计算。 | |
| 517 | 1 | @a兼评列氏动态投入产出模型的失真性@9jian ping lie shi dong tai tou ru chan chu mo xing de shi zhen xing |
| 606 | 0 | @a投入产出模型 |
| 690 | @aF223@v4 | |
| 701 | 0 | @a王嘉谟@Awang jia mo@4著 |
| 801 | 0 | @aCN@bTSSF@c20050920 |
| 905 | @a10447@dF223@e156 | |
| 实用非线性动态投入产出模型:兼评列氏动态投入产出模型的失真性/王嘉谟著.-北京:国防工业出版社,2003 |
| 209页;20cm |
| ISBN 7-118-03123-2:CNY12.00 |
| 本书内容包括列氏投入产出模型,列氏动态投入产出模型的问题分析,改进的动态投入产出方程,线性特征向量模型与快车道模型等,并编制了大量实例计算。 |
| ● |
| 相关链接 |
|
|
|
|
正题名:实用非线性动态投入产出模型
索取号:F223/156
 
预约/预借
| 序号 | 登录号 | 条形码 | 馆藏地/架位号 | 状态 | 备注 |
| 1 | 0362294 | 3622949 | 第一样本阅览室/ [索取号:F223/156] | 在馆 | |
| 2 | 0362295 | 3622958 | 密集书库/ [索取号:F223/156] | 在馆 | |
| 3 | 0362296 | 3622967 | 密集书库/ [索取号:F223/156] | 在馆 | |
| 4 | 0362297 | 3622976 | 密集书库/ [索取号:F223/156] | 在馆 | |
| 5 | 0362298 | 3622985 | 密集书库/ [索取号:F223/156] | 在馆 | |
| 6 | 0362299 | 3622994 | 第一借阅区/ [索取号:F223/156] | 在馆 | |
| 7 | 0362300 | 3623001 | 第一借阅区/ [索取号:F223/156] | 在馆 | |
| 8 | 0362301 | 3623010 | 第一借阅区/ [索取号:F223/156] | 在馆 | |
| 9 | 0362302 | 3623029 | 第一借阅区/ [索取号:F223/156] | 在馆 | |
| 10 | 0362303 | 3623038 | 密集书库/ [索取号:F223/156] | 在馆 |